000 00746nam a2200193 i 4500
001 150196
003 ES-MaACL
007 t|
008 071029s1981 sp ||||1| spa d
100 1 _aValle, Carlos del.
_9112754
245 1 3 _aLa escuela hebrea de Córdoba
_b: los orígenes de la escuela filológica hebrea de Córdoba /
_cCarlos del Valle Rodríguez.
260 _aMadrid :
_bEditora Nacional,
_c[1981]
300 _a637 p. ;
_c18 cm.
490 1 _aBiblioteca de la literatura y el pensamiento hispánicos ;
_v45
650 1 4 _aFilología hebrea-
_zAl-Andalus-
_vHistoria.
_912798
830 0 _aBiblioteca de la literatura y el pensamiento hispánicos ;
_v45
_9180925
852 _aES-MaACL
_jL-618
_bR.101305
999 _c150196
_d150196